Statistics for Yes Charting Songs (Billboard Hot 100)

Click here to take the quiz!

General Stats

  • This quiz has been taken 49 times
    (42 since last reset)
  • The average score is 5 of 10

Answer Stats

AlbumWeeks OnPeakSong% Correct
Fragile13 Weeks#13Roundabout
94%
9012523 Weeks#1 (2 Weeks)Owner of a Lonely Heart
90%
Close to the Edge7 Weeks#42And You and I (Part II)
55%
9012515 Weeks#24Leave It
55%
901257 Weeks#51It Can Happen
48%
Big Generator19 Weeks#30Love Will Find a Way
42%
Big Generator12 Weeks#40Rhythm of Love
42%
Yesterdays7 Weeks#46America
39%
Union5 Weeks#86Lift Me Up
23%
The Yes Album14 Weeks#40Your Move (I've Seen All Good People)
19%

Score Distribution

Percentile by Number Answered

Percent of People with Each Score

Your Score History

You have not taken this quiz since the last reset